Quiz Cultura Generale - Quiz n°85 - Statistics

Statistiche generali
  • Questo quiz è stato fatto 275 volte
  • Il punteggio medio è 6 su 15
Statistiche sulle risposte
Domanda Risposta % Corretto
Quanti zeri ci sono in un miliardo? 9
98%
In quale parte del corpo umano si trova l'osso della Tibia? Gamba
79%
Quante sono le vertebre cervicali nel corpo umano? 7
61%
Chi ha scritto la favola "La volpe e l'uva"? Esopo
49%
Quanto vale 1/2 elevato alla -1? 2
46%
Chi ha allenato il Napoli nella stagione 2018-2019? Carlo Ancelotti
38%
Qual è il comparativo di maggioranza di "piccolo"? Minore
38%
Il K2 si trova al confine tra la Cina e quale altro stato asiatico? Pakistan
34%
Qual è il termine con cui si identifica il collezionismo di francobolli? Filatelia
25%
In quale nazione si trova l'Altopiano del Deccan? India
24%
Come si chiamano i versi formati da 7 sillabe? Settenari
24%
Come si chiama la pantera nera de "Il libro della Giungla"? Bagheera
20%
Qual è l'Isola più grande nell'Arcipelago delle Eolie? Lipari
18%
Chi è il miglior amico di Fred Flintstone, nella serie "Gli antenati"? Barney Rubble
15%
Chi ha scritto la novella "Pensaci, Gaicomino!"? Luigi Pirandello
11%
Nessun quiz corrispondente trovato
Distribuzione punteggi
Percentuale di utenti per punteggio
Percentile per numero di risposta
I tuoi punteggi nel tempo
Non hai fatto questo quiz